Essai sur la langue basque / (Record no. 163443)

MARC details
000 -LEADER
campo de control de longitud fija 00853nam a22002535i 4500
001 - NÚMERO DE CONTROL
campo de control 163443
003 - IDENTIFICADOR DE NÚMERO DE CONTROL
campo de control ES-MaACL
005 - FECHA Y HORA DE LA ÚLTIMA TRANSACCIÓN
campo de control 20230906212736.0
008 - DATOS DE LONGITUD FIJA--INFORMACIÓN GENERAL
campo de control de longitud fija 990908s1877 fr a |||| | fre d
040 ## - FUENTE DE CATALOGACIÓN
Centro catalogador/agencia de origen EUS
Lengua de catalogación spa
Centro/agencia transcriptor EUS
100 1# - ENTRADA PRINCIPAL--NOMBRE DE PERSONA
Nombre de persona Ribary, Ferencz.
9 (RLIN) 131768
245 10 - MENCIÓN DEL TÍTULO
Título Essai sur la langue basque /
Mención de responsabilidad, etc. par François Ribary... ; traduit du hongrois... par Julien Vinson.
260 ## - PUBLICACIÓN, DISTRIBUCIÓN, ETC.
Lugar de publicación, distribución, etc. Paris :
Nombre del editor, distribuidor, etc. F. Vieweg...,
Fecha de publicación, distribución, etc. 1877 (
Lugar de fabricación/manufactura Nogent-le-Rotrou :
Fabricante Imprimerie Gouverneur, G. Daupeley)
300 ## - DESCRIPCIÓN FÍSICA
Extensión XXVIII, 158 p. ;
Dimensiones 22 cm.
490 1# - MENCIÓN DE SERIE
Mención de serie Collection Philologique
596 ## - NOTA AL PIE DE IMPRENTA
NOTA AL PIE DE IMPRENTA Marca de ed. en port.
597 ## - NOTA DE DESCRIPCIÓN FÍSICA
NOTA DE DESCRIPCIÓN FÍSICA Signaturizado.
650 ## - PUNTO DE ACCESO ADICIONAL DE MATERIA--TÉRMINO DE MATERIA
Término de materia o nombre geográfico como elemento de entrada Lengua vasca.
9 (RLIN) 14329
700 0# - ENTRADA AGREGADA--NOMBRE PERSONAL
Nombre de persona Vinson, Julien.
9 (RLIN) 115339
830 0# - PUNTO DE ACCESO ADICIONAL DE SERIE-TÍTULO UNIFORME
Título uniforme Collection Philologique
9 (RLIN) 222274
852 ## - LOCALIZACIÓN
Ubicación ES-MaACL
Número de control de estantería C-6764
Nota libre -- Enc. hol.
Holdings
Estatus retirado Estado de pérdida Estado de daño No para préstamo Colección Biblioteca de origen Biblioteca actual Ubicación en estantería Fecha de adquisición Fuente de adquisición Total de préstamos Signatura topográfica completa Código de barras Visto por última vez Precio de reemplazo Tipo de ítem Koha
        Libros del s. XIX Biblioteca del Ateneo de Madrid Biblioteca del Ateneo de Madrid Sala Palomar 17/01/2008     C-6764 1171273 23/02/2023 23/02/2023 Libro impreso antiguo